| 000 | 01463cam a2200397 i 4500 | ||
|---|---|---|---|
| 001 | 2933 | ||
| 003 | FISKH | ||
| 005 | 20240124111054.0 | ||
| 008 | 150204s2015 nyu c 000 1 eng | ||
| 010 | _a 2014048032 | ||
| 020 | _a9781481446518 (hardcover) | ||
| 020 | _a9781481446525 | ||
| 020 | _z9781481446532 (ebook) | ||
| 040 |
_aDLC _beng _cDLC _erda _dDLC |
||
| 042 |
_alcac _apcc |
||
| 050 | 0 | 0 |
_aPZ7.1.S26 _bBl 2015 |
| 082 | 0 | 0 |
_a[Fic] _223 |
| 100 | 1 | _aSands, Kevin, | |
| 245 | 1 | 4 |
_aThe blackthorn key / _cKevin Sands. |
| 250 | _aThis Aladdin paperback edition May 2016 | ||
| 260 |
_aNew York : _bAladdin, _c2015 |
||
| 300 |
_a371 pages ; _c20 cm |
||
| 336 |
_atext _2rdacontent |
||
| 337 |
_aunmediated _2rdamedia |
||
| 338 |
_avolume _2rdacarrier |
||
| 520 | _aIn 1665 London, fourteen-year-old Christopher Rowe, apprentice to an apothecary, and his best friend, Tom, try to uncover the truth behind a mysterious cult, following a trail of puzzles, codes, pranks, and danger toward an unearthly secret with the power to tear the world apart. | ||
| 650 | 1 |
_aApprentices _vFiction. |
|
| 650 | 1 |
_aSupernatural _vFiction. |
|
| 650 | 1 |
_aPharmacists _vFiction. |
|
| 650 | 1 |
_aFriendship _vFiction. |
|
| 650 | 1 |
_aSecret societies _vFiction. |
|
| 651 | 1 |
_aLondon _xHistory _y17th century _vFiction. |
|
| 651 | 1 |
_aGreat Britain _xHistory _yCharles II, 1660-1685 _vFiction. |
|
| 906 |
_a7 _bcbc _corignew _d1 _eecip _f20 _gy-gencatlg |
||
| 942 |
_2ddc _cBK _n0 |
||
| 999 |
_c2933 _d2933 |
||